000 00672nam a2200241 i 4500
999 _c3978
_d3978
001 3636061
003 GBCCL
005 20241126110508.0
008 770324s1976 tnu b 000 0 eng
010 _a 75042860
020 _a0805452389
040 _aDLC
_cDLC
_dDLC
050 0 0 _aBV4905.2
_b.L37
082 0 0 _a248.86
_bLES
100 1 _aLester, Andrew D.
_97739
245 1 0 _aIt hurts so bad, Lord! /
_cAndrew D. Lester.
260 _aNashville :
_bBroadman Press,
_cc1976.
300 _a128 p. ;
_c21 cm.
504 _aIncludes bibliographical references.
650 0 _aConsolation.
_9348
906 _a7
_bcbc
_corignew
_d2
_eocip
_f19
_gy-gencatlg
942 _2ddc
_cBK